| 000 | 00363nam a2200145Ia 4500 | ||
|---|---|---|---|
| 008 | 230917s9999||||xx |||||||||||||| ||und|| | ||
| 040 |
_e210872 _aMAIN |
||
| 041 | _aEnglish | ||
| 082 | _a006.7 J999F | ||
| 100 | _aJyoti | ||
| 245 | 0 | _aFramework for extractilng relevant web pages fro www using web mining | |
| 260 | _c2011 | ||
| 300 | _a143p p. | ||
| 942 | _cTH | ||
| 999 |
_c125636 _d125636 |
||